000 00314nam a22001337a 4500
008 190305b xxu||||| |||| 00| 0 eng d
020 _a9788131790274
041 _aeng
080 _213th
_a530
100 _a43
101 _aFIZ
245 _aUniversity Physics with Modern Physics
_cYoung,H.D
942 _2udc
_cBK
999 _c54501
_d54501